[Event "Titled Tuesday intern op 25th Mar Early"]
[Site "Chess.com INT"]
[Date "2025.03.25"]
[Round "6"]
[White "Cori Tello, Deysi Estella"]
[Black "Martin, Lewis"]
[Result "1/2-1/2"]
[WhiteElo "2354"]
[BlackElo "2050"]
[PlyCount "142"]
[EventDate "2025.03.25"]
[EventType "swiss (blitz)"]
[EventRounds "11"]
[EventCountry "USA"]
[SourceTitle "CB14_2025"]
[SourceDate "2024.11.01"]
[SourceVersion "1"]
[SourceVersionDate "2024.11.01"]
[SourceQuality "1"]

1. Nf3 d5 2. g3 Bg4 3. Bg2 Nd7 4. d3 e5 5. Nbd2 Ngf6 6. 0-0 Bd6 7. c4 c6 8. cxd5 cxd5 9. e4 0-0 10. h3 Bh5 11. g4 Bg6 12. Nh4 dxe4 13. dxe4 Bc5 14. Nxg6 hxg6 15. Nc4 Qe7 16. Be3 Rfd8 17. Qe2 b5 18. Na5 Bxe3 19. Qxe3 Qc5 20. Qxc5 Nxc5 21. Rac1 Nd3 22. Rc6 Nxb2 23. Rc5 Nd3 24. Rxb5 Rab8 25. a4 a6 26. Rbb1 Rxb1 27. Rxb1 Rd4 28. Nc6 Rxa4 29. Rd1 Nf4 30. Nxe5 Nxg2 31. Rd8+ Kh7 32. Nxf7 g5 33. e5 Kg6 34. exf6 Kxf7 35. fxg7 Kxg7 36. Kxg2 Ra3 37. Rd6 a5 38. Ra6 a4 39. f3 Kf7 40. Kg3 Kg7 41. Ra5 Kg6 42. Ra6+ Kg7 43. h4 gxh4+ 44. Kxh4 Rxf3 45. Rxa4 Rf1 46. Ra6 Rb1 47. Kh5 Rh1+ 48. Kg5 Rb1 49. Ra7+ Kg8 50. Kh5 Kh8 51. Kg5 Rb6 52. Rf7 Kg8 53. Rf6 Rb5+ 54. Kg6 Rb4 55. g5 Rb7 56. Ra6 Rg7+ 57. Kf5 Rf7+ 58. Rf6 Rb7 59. Kg4 Kg7 60. Kh5 Rb1 61. Rg6+ Kf7 62. Ra6 Rh1+ 63. Kg4 Rg1+ 64. Kf5 Rf1+ 65. Ke4 Re1+ 66. Kf3 Rf1+ 67. Kg2 Rf5 68. g6+ Kg7 69. Kh3 Rg5 70. Kh4 Rxg6 71. Rxg6+ Kxg6 1/2-1/2

[Event "Wch Blitz (Women)"]
[Site "New York"]
[Date "2024.12.30"]
[Round "8"]
[White "Huang, Qian"]
[Black "Cori Tello, Deysi Estella"]
[Result "0-1"]
[WhiteElo "2370"]
[BlackElo "2353"]
[PlyCount "76"]
[EventDate "2024.12.30"]
[EventType "swiss (blitz)"]
[EventRounds "11"]
[EventCountry "USA"]
[SourceTitle "CB01_2025"]
[SourceDate "2025.01.01"]
[SourceVersion "1"]
[SourceVersionDate "2025.01.01"]
[SourceQuality "1"]

1. Nf3 e6 2. g3 b6 3. Bg2 Bb7 4. 0-0 Nf6 5. c4 g6 6. b3 Bg7 7. Bb2 d6 8. d4 0-0 9. Nc3 Nbd7 10. d5 exd5 11. Nxd5 Nxd5 12. Bxg7 Ne3 13. Qd4 Nf5 14. Qc3 Nxg7 15. Rad1 Qf6 16. Nd4 Bxg2 17. Kxg2 Ne6 18. Nb5 Qxc3 19. Nxc3 a5 20. f4 f5 21. e4 fxe4 22. Nxe4 Nf6 23. Nc3 Rae8 24. Rd2 Nc5 25. Nb5 Re7 26. h3 h5 27. Rf3 Rfe8 28. Rf1 Kg7 29. Kg1 Rf8 30. Rg2 Rff7 31. Kh2 Re3 32. Rgf2 Nfe4 33. Rg2 Rd3 34. Re1 g5 35. fxg5 Nxg5 36. Rc1 Nce4 37. g4 Rxh3+ 38. Kg1 Nf3+ 0-1

[Event "Wch Blitz (Women)"]
[Site "New York"]
[Date "2024.12.30"]
[Round "2"]
[White "Khamdamova, Afruza"]
[Black "Cori Tello, Deysi Estella"]
[Result "1-0"]
[WhiteElo "2354"]
[BlackElo "2353"]
[PlyCount "125"]
[EventDate "2024.12.30"]
[EventType "swiss (blitz)"]
[EventRounds "11"]
[EventCountry "USA"]
[SourceTitle "CB01_2025"]
[SourceDate "2025.01.01"]
[SourceVersion "1"]
[SourceVersionDate "2025.01.01"]
[SourceQuality "1"]

1. e4 e6 2. d4 d5 3. Nd2 Be7 4. Ngf3 Nf6 5. Bd3 c5 6. dxc5 dxe4 7. Nxe4 Nxe4 8. Bxe4 Qxd1+ 9. Kxd1 Bxc5 10. Ke2 Nd7 11. Bf4 Nf6 12. Bd3 Nd5 13. Bg3 f6 14. a3 e5 15. c4 Nc7 16. b4 Be7 17. Rhd1 0-0 18. Nd2 a5 19. Rab1 axb4 20. axb4 Ne6 21. f3 Ra3 22. Be4 Nd4+ 23. Kf1 Be6 24. Bf2 b6 25. Bxd4 exd4 26. Bd5 Kf7 27. Bxe6+ Kxe6 28. Nb3 Kf7 29. Rxd4 Bxb4 30. Rd7+ Kg6 31. Nd4 Bc5 32. Ne6 Re8 33. Nxc5 bxc5 34. Rbb7 Ra2 35. Rxg7+ Kf5 36. Rge7 Rd8 37. Rbd7 Rb8 38. Rd5+ Kg6 39. Re2 Ra1+ 40. Kf2 Ra5 41. g4 Rb6 42. h4 Ra3 43. Rxc5 Rbb3 44. Rf5 Rb6 45. Kg3 Kf7 46. Rc2 Ra7 47. c5 Rc6 48. h5 Rac7 49. Rc4 Kg7 50. Kf4 Re6 51. Rd5 Rec6 52. Kf5 Re7 53. f4 Rec7 54. g5 fxg5 55. fxg5 Rf7+ 56. Kg4 Re6 57. Rd6 Re1 58. h6+ Kf8 59. Rf6 Rxf6 60. gxf6 Kf7 61. c6 Re8 62. c7 Rc8 63. Kf5 1-0

[Event "Wch Blitz (Women)"]
[Site "New York"]
[Date "2024.12.30"]
[Round "4"]
[White "Nurgaliyeva, Zarina"]
[Black "Cori Tello, Deysi Estella"]
[Result "0-1"]
[WhiteElo "2263"]
[BlackElo "2353"]
[PlyCount "92"]
[EventDate "2024.12.30"]
[EventType "swiss (blitz)"]
[EventRounds "11"]
[EventCountry "USA"]
[SourceTitle "CB01_2025"]
[SourceDate "2025.01.01"]
[SourceVersion "1"]
[SourceVersionDate "2025.01.01"]
[SourceQuality "1"]

1. e4 e6 2. d4 d5 3. e5 c5 4. c3 Qb6 5. Nf3 Bd7 6. Bd3 Bb5 7. Bxb5+ Qxb5 8. Na3 Qd7 9. 0-0 Nc6 10. Nc2 cxd4 11. cxd4 Nge7 12. Re1 Rc8 13. Bd2 Nf5 14. Rc1 Be7 15. Qe2 0-0 16. g4 Nh4 17. Nxh4 Bxh4 18. g5 Ne7 19. Qg4 Ng6 20. Ne3 f5 21. Qh5 Rxc1 22. Bxc1 Qa4 23. Rd1 f4 24. Ng2 Qc2 25. Nxh4 Nxh4 26. Re1 Nf5 27. Bxf4 Nxd4 28. Qg4 Qf5 29. Qxf5 Rxf5 30. Be3 Nf3+ 31. Kf1 Nxe1 32. Kxe1 Rxe5 33. Kd2 a6 34. f4 Rf5 35. Kd3 h5 36. h4 Kf7 37. a4 Ke7 38. b4 Kd6 39. b5 axb5 40. axb5 g6 41. Kd4 Rf7 42. Kd3 Rc7 43. Bd4 Rc4 44. Ke3 Rb4 45. b6 Rb3+ 46. Kd2 Rh3 0-1

[Event "Wch Rapid (Women)"]
[Site "New York"]
[Date "2024.12.28"]
[Round "9"]
[White "Vaishali, Ramesh Babu"]
[Black "Cori Tello, Deysi Estella"]
[Result "0-1"]
[WhiteElo "2355"]
[BlackElo "2243"]
[PlyCount "160"]
[EventDate "2024.12.26"]
[EventType "swiss (rapid)"]
[EventRounds "11"]
[EventCountry "USA"]
[SourceTitle "CB01_2025"]
[SourceDate "2025.01.01"]
[SourceVersion "1"]
[SourceVersionDate "2025.01.01"]
[SourceQuality "1"]

1. Nf3 e6 2. b3 b6 3. g3 Bb7 4. Bg2 d6 5. 0-0 Nd7 6. Bb2 a5 7. a4 Ngf6 8. d3 g6 9. Nbd2 Bg7 10. e4 0-0 11. Rb1 Nc5 12. Nh4 e5 13. Qe1 d5 14. f4 exf4 15. e5 Ng4 16. gxf4 d4 17. Bxb7 Nxb7 18. Qg3 Ne3 19. Rf2 Nxc2 20. f5 Nc5 21. Nc4 Ne3 22. f6 Bh6 23. Bc1 Qd7 24. Ng2 Qg4 25. Ncxe3 Qxg3 26. hxg3 dxe3 27. Bxe3 Bxe3 28. Nxe3 Nxd3 29. Re2 Rad8 30. Nc4 Nc5 31. Kg2 Rd3 32. b4 axb4 33. Rxb4 Rd4 34. Reb2 Nd3 35. Rd2 Rfd8 36. Rb3 Nc5 37. Rxd4 Rxd4 38. Rc3 Nxa4 39. Rc1 h5 40. Nd6 Nc5 41. Nc8 g5 42. Ne7+ Kf8 43. Ra1 Ra4 44. Rd1 Ke8 45. Nf5 Ra8 46. Ng7+ Kf8 47. Nxh5 Ne6 48. g4 Ra4 49. Kf3 Rd4 50. Rh1 Kg8 51. Ng3 Rf4+ 52. Ke3 Nd4 53. Ne4 c5 54. Nxg5 Rxg4 55. Ne4 Nc6 56. Nd6 Rg5 57. Kf4 Rxe5 58. Nf5 Re2 59. Rg1+ Kf8 60. Rb1 Nd4 61. Rxb6 Nxf5 62. Kxf5 Rf2+ 63. Ke5 Re2+ 64. Kf5 Rf2+ 65. Ke5 Kg8 66. Rb7 Re2+ 67. Kf5 Rf2+ 68. Ke5 Rh2 69. Rb8+ Kh7 70. Rf8 Rh5+ 71. Kd6 Kg6 72. Ke7 Re5+ 73. Kd6 Rf5 74. Rg8+ Kxf6 75. Rg1 c4 76. Rc1 Rf4 77. Kd5 Kf5 78. Rc2 f6 79. Rc3 Kg4 80. Rc1 Kf3 0-1

[Event "Wch Rapid (Women)"]
[Site "New York"]
[Date "2024.12.27"]
[Round "8"]
[White "Mammadzada, Gunay Vuqar Qizi"]
[Black "Cori Tello, Deysi Estella"]
[Result "1/2-1/2"]
[WhiteElo "2319"]
[BlackElo "2243"]
[PlyCount "113"]
[EventDate "2024.12.26"]
[EventType "swiss (rapid)"]
[EventRounds "11"]
[EventCountry "USA"]
[SourceTitle "CB01_2025"]
[SourceDate "2025.01.01"]
[SourceVersion "1"]
[SourceVersionDate "2025.01.01"]
[SourceQuality "1"]

1. e4 e6 2. d4 d5 3. Nc3 Nf6 4. e5 Nfd7 5. f4 c5 6. Nf3 Nc6 7. Be3 Be7 8. Qd2 0-0 9. dxc5 Nxc5 10. 0-0-0 Rb8 11. Kb1 b5 12. Bxc5 Bxc5 13. Bd3 f5 14. exf6 Qxf6 15. Ne2 Bd6 16. Ng5 g6 17. h4 h6 18. Nf3 Bxf4 19. Nxf4 Qxf4 20. Qc3 Ne7 21. Rhf1 b4 22. Qc5 Nf5 23. Bxf5 Rxf5 24. Rfe1 Rf8 25. Ne5 Qf6 26. Qxa7 Rb7 27. Qe3 Kg7 28. Qd3 Rc7 29. Ng4 Qf4 30. Ne5 Qf5 31. Qe2 Rf6 32. g4 Qf2 33. Qd3 Qxh4 34. Re2 Qg5 35. Qd4 Kh7 36. Qxb4 Ba6 37. Qb6 Bxe2 38. Qxc7+ Kg8 39. Re1 Qd2 40. Rc1 Qf4 41. Qc3 d4 42. Qc8+ Kg7 43. Qc7+ Kg8 44. Qd8+ Kg7 45. Qe7+ Kg8 46. Qd8+ Kg7 47. Qc7+ Kg8 48. a4 Bxg4 49. Rg1 h5 50. Qc8+ Rf8 51. Qc7 Qe3 52. Rh1 Qe4 53. Rc1 Qf4 54. Re1 Qg3 55. Rc1 Qf4 56. Re1 Qg3 57. Rc1 1/2-1/2

[Event "Wch Rapid (Women)"]
[Site "New York"]
[Date "2024.12.27"]
[Round "6"]
[White "Padmini, Rout"]
[Black "Cori Tello, Deysi Estella"]
[Result "1/2-1/2"]
[WhiteElo "2267"]
[BlackElo "2243"]
[PlyCount "137"]
[EventDate "2024.12.26"]
[EventType "swiss (rapid)"]
[EventRounds "11"]
[EventCountry "USA"]
[SourceTitle "CB01_2025"]
[SourceDate "2025.01.01"]
[SourceVersion "1"]
[SourceVersionDate "2025.01.01"]
[SourceQuality "1"]

1. e4 e6 2. d4 d5 3. Nc3 Nf6 4. e5 Nfd7 5. f4 c5 6. Nf3 Nc6 7. Be3 Be7 8. Qd2 b6 9. Bd3 Bb7 10. 0-0 a6 11. Kh1 Qc7 12. a3 0-0-0 13. b3 f5 14. exf6 Bxf6 15. Ne2 Ne7 16. c3 Nf5 17. Bxf5 exf5 18. Ne5 Nf8 19. Ng1 c4 20. b4 Bxe5 21. dxe5 d4 22. Bxd4 Ne6 23. Nf3 g5 24. Nxg5 Rhg8 25. Rf2 Qc6 26. Re1 Rg6 27. Nxe6 Qxe6 28. Ree2 Rdg8 29. Kg1 Qc6 30. Qc2 Kb8 31. Kf1 Qd7 32. Ke1 Qe6 33. Kd1 h5 34. Kc1 h4 35. Kb2 Kc7 36. a4 Bc6 37. Ka3 Bd5 38. Kb2 Bc6 39. Ka3 Bd5 40. Kb2 Bc6 41. Ka3 Kb7 42. Kb2 Bd5 43. Ka3 R8g7 44. Kb2 Bc6 45. Ka3 Rd7 46. Kb2 Rg4 47. Kc1 Rdg7 48. a5 bxa5 49. bxa5 Ka8 50. Bb6 Rd7 51. Rd2 Be4 52. Qa4 Rgg7 53. Rd6 Rxd6 54. exd6 Bb7 55. Qd1 Rd7 56. Re2 Be4 57. Rd2 Qf6 58. Rd4 Rxd6 59. Qh5 Rxd4 60. Bxd4 Qe7 61. Qh8+ Kb7 62. Kb2 Qd7 63. Qg7 Qxg7 64. Bxg7 Bxg2 65. h3 Bxh3 66. Bf6 Kc6 67. Bxh4 Kb5 68. Bd8 Bg2 69. Ka3 1/2-1/2

[Event "Wch Rapid (Women)"]
[Site "New York"]
[Date "2024.12.26"]
[Round "2"]
[White "Berezovska, Svetlana"]
[Black "Cori Tello, Deysi Estella"]
[Result "0-1"]
[WhiteElo "1850"]
[BlackElo "2243"]
[PlyCount "78"]
[EventDate "2024.12.26"]
[EventType "swiss (rapid)"]
[EventRounds "11"]
[EventCountry "USA"]
[SourceTitle "CB01_2025"]
[SourceDate "2025.01.01"]
[SourceVersion "1"]
[SourceVersionDate "2025.01.01"]
[SourceQuality "1"]

1. e4 e6 2. d4 d5 3. Bd3 Be7 4. e5 c5 5. c3 Nc6 6. Bc2 Qc7 7. Nf3 cxd4 8. cxd4 Nb4 9. Bb3 Nd3+ 10. Qxd3 Qxc1+ 11. Qd1 Qxb2 12. Nbd2 Bd7 13. Rb1 Qa3 14. 0-0 Rc8 15. Re1 Nh6 16. Bc2 b6 17. h3 Nf5 18. g4 Nh4 19. Re3 Qa5 20. Nb3 Qxa2 21. Ne1 Bg5 22. Ra1 Qb2 23. Rb1 Qa3 24. Ra1 Qe7 25. Re2 a5 26. Qd3 Ng6 27. Ng2 Qb4 28. Qd1 Bb5 29. Re1 Qc3 30. Ra2 Qxh3 31. Nc1 Nf4 32. Ne3 0-0 33. Bd3 Rxc1 34. Qxc1 Nxd3 35. Qc3 Nxe1 36. Qxe1 Bd3 37. Rd2 Be4 38. f4 Qh1+ 39. Kf2 Bh4+ 0-1

[Event "Swiss Queens Wed #47"]
[Site "FIDE Online Arena INT"]
[Date "2024.12.18"]
[Round "4"]
[White "Anishka, Vikram"]
[Black "Cori Tello, Deysi Estella"]
[Result "0-1"]
[WhiteElo "1852"]
[BlackElo "2353"]
[PlyCount "136"]
[EventDate "2024.12.18"]
[EventType "swiss (blitz)"]
[EventRounds "11"]
[EventCountry "NET"]
[SourceTitle "CB52_2024"]
[SourceDate "2024.12.25"]
[SourceVersion "1"]
[SourceVersionDate "2024.12.25"]
[SourceQuality "1"]

1. d4 e6 2. c4 b6 3. a3 Bb7 4. Nc3 f5 5. d5 Qe7 6. g3 Nf6 7. Bg2 d6 8. Nh3 e5 9. Ng5 Nbd7 10. Ne6 Nc5 11. Nxf8 Rxf8 12. 0-0 a5 13. Be3 Kf7 14. b4 axb4 15. axb4 Na6 16. Qb3 Kg8 17. c5 f4 18. c6 Bc8 19. Bd2 Rb8 20. Nb5 fxg3 21. fxg3 Bg4 22. Qd3 e4 23. Qc4 Bc8 24. Na7 b5 25. Nxc8 Rbxc8 26. Qxb5 Nb8 27. Ra7 Qe5 28. Qc4 Qxd5 29. Qxd5+ Nxd5 30. Bxe4 Nb6 31. Rxf8+ Kxf8 32. Be3 d5 33. Bf3 Nxc6 34. Ra1 d4 35. Bf4 Nxb4 36. Be5 d3 37. exd3 Nxd3 38. Bd4 c5 39. Bf2 Ne5 40. Bg2 Nbd7 41. Rc1 c4 42. Bh3 Rc6 43. Bd4 h6 44. Bg2 Rd6 45. Bf2 Rd2 46. Be3 Rd3 47. Bf4 g5 48. Bxe5 Nxe5 49. Bf1 Rd4 50. Kg2 Ke7 51. Rc3 Kd6 52. Kf2 Rd2+ 53. Ke3 Rxh2 54. Bxc4 Rg2 55. Kd4 Nxc4 56. Kxc4 Ke5 57. Re3+ Kf5 58. Kd4 Rd2+ 59. Kc3 Rd6 60. Kc2 Kg4 61. Kc3 h5 62. Kc2 h4 63. gxh4 gxh4 64. Kc3 h3 65. Kc2 h2 66. Re1 Kg3 67. Rh1 Kg2 68. Rxh2+ Kxh2 0-1

[Event "Swiss Queens Wed #47"]
[Site "FIDE Online Arena INT"]
[Date "2024.12.18"]
[Round "5"]
[White "Cori Tello, Deysi Estella"]
[Black "Francisco Guecamburu, Candela Be"]
[Result "0-1"]
[WhiteElo "2353"]
[BlackElo "2303"]
[PlyCount "162"]
[EventDate "2024.12.18"]
[EventType "swiss (blitz)"]
[EventRounds "11"]
[EventCountry "NET"]
[SourceTitle "CB52_2024"]
[SourceDate "2024.12.25"]
[SourceVersion "1"]
[SourceVersionDate "2024.12.25"]
[SourceQuality "1"]

1. Nf3 c5 2. g3 Nc6 3. Bg2 g6 4. 0-0 Bg7 5. c3 e5 6. e4 Nge7 7. d3 0-0 8. Na3 d6 9. Nc4 b5 10. Ne3 Rb8 11. a4 b4 12. Nd5 Nxd5 13. exd5 Ne7 14. c4 Bg4 15. h3 Bxf3 16. Qxf3 Nf5 17. Be3 e4 18. dxe4 Nxe3 19. Qxe3 Bxb2 20. Rab1 Bd4 21. Qb3 a5 22. Kh2 Qd7 23. Rbe1 Rbe8 24. f4 Kg7 25. Re2 Re7 26. Qc2 Rfe8 27. Rfe1 Bc3 28. Rd1 f5 29. Rd3 Bd4 30. Qd1 fxe4 31. Rxd4 cxd4 32. Qxd4+ Kg8 33. Bxe4 Qxa4 34. h4 Qd7 35. Kg2 Qg4 36. Re3 Qd7 37. h5 a4 38. hxg6 hxg6 39. Qf6 Rxe4 40. Rxe4 Rxe4 41. Qxg6+ Qg7 42. Qxe4 Qf7 43. f5 b3 44. Qg4+ Kf8 45. Qg5 Ke8 46. Qe3+ Kf8 47. Qh6+ Ke7 48. Qe3+ Kf6 49. g4 Qg7 50. Qd4+ Kf7 51. Qa7+ Kf6 52. Qd4+ Kf7 53. Qa7+ Kg8 54. Qb8+ Kh7 55. Qxd6 Qxg4+ 56. Kh2 Qh5+ 57. Kg3 Qg5+ 58. Kh2 b2 59. Qc7+ Qg7 60. Qb6 a3 61. f6 Qf7 62. Qb3 Qh5+ 63. Kg2 Qg6+ 64. Kh2 Qxf6 65. Qh3+ Qh6 66. d6 Qxh3+ 67. Kxh3 b1Q 68. d7 Qb8 69. c5 Qd8 70. c6 a2 71. Kg4 a1Q 72. Kf5 Qaa5+ 73. Ke6 Qac7 74. Kd5 Kg7 75. Ke6 Qxc6+ 76. Kf5 Qdxd7+ 77. Ke5 Qdd5+ 78. Kf4 Qcc4+ 79. Ke3 Qdd3+ 80. Kf2 Qcc2+ 81. Ke1 Qdd1# 0-1

[Event "Swiss Queens Wed #46"]
[Site "FIDE Online Arena INT"]
[Date "2024.12.11"]
[Round "8"]
[White "Anishka, Vikram"]
[Black "Cori Tello, Deysi Estella"]
[Result "1-0"]
[WhiteElo "1852"]
[BlackElo "2353"]
[PlyCount "31"]
[EventDate "2024.12.11"]
[EventType "swiss (blitz)"]
[EventRounds "11"]
[EventCountry "NET"]
[SourceTitle "CB51_2024"]
[SourceDate "2024.12.18"]
[SourceVersion "1"]
[SourceVersionDate "2024.12.18"]
[SourceQuality "1"]

1. d4 Nf6 2. c4 e6 3. Nc3 Bb4 4. e3 Bxc3+ 5. bxc3 0-0 6. Bd3 c5 7. Nf3 b6 8. e4 d6 9. e5 dxe5 10. dxe5 Nh5 11. Be4 Qxd1+ 12. Kxd1 Ba6 13. Bxa8 Rd8+ 14. Kc2 Bxc4 15. g4 Nd7 16. Bc6 1-0

[Event "Swiss Queens Wed #46"]
[Site "FIDE Online Arena INT"]
[Date "2024.12.11"]
[Round "7"]
[White "Cori Tello, Deysi Estella"]
[Black "Maltsevskaya, Aleksandra"]
[Result "0-1"]
[WhiteElo "2353"]
[BlackElo "2368"]
[PlyCount "58"]
[EventDate "2024.12.11"]
[EventType "swiss (blitz)"]
[EventRounds "11"]
[EventCountry "NET"]
[SourceTitle "CB51_2024"]
[SourceDate "2024.12.18"]
[SourceVersion "1"]
[SourceVersionDate "2024.12.18"]
[SourceQuality "1"]

1. d4 Nf6 2. Nf3 g6 3. g3 d6 4. Bg2 Bg7 5. 0-0 0-0 6. b3 Nbd7 7. Bb2 e5 8. dxe5 Ng4 9. c4 Ngxe5 10. Nc3 a5 11. Qd2 a4 12. Nb5 axb3 13. axb3 Rxa1 14. Rxa1 Nc5 15. Ra3 c6 16. Nbd4 Qb6 17. Bc3 Ne4 18. Ba5 Qc5 19. Qb4 Nxf3+ 20. exf3 Qxd4 21. fxe4 Qb2 22. Ra4 c5 23. Qd2 Qxb3 24. Ra2 Qxc4 25. Rc2 Qb3 26. Bc7 Bd4 27. Bxd6 Rd8 28. Bxc5 Bxf2+ 29. Qxf2 Rd1+ 0-1

[Event "Swiss Queens Wed #46"]
[Site "FIDE Online Arena INT"]
[Date "2024.12.11"]
[Round "3"]
[White "Girya, Olga"]
[Black "Cori Tello, Deysi Estella"]
[Result "1-0"]
[WhiteElo "2398"]
[BlackElo "2353"]
[PlyCount "59"]
[EventDate "2024.12.11"]
[EventType "swiss (blitz)"]
[EventRounds "11"]
[EventCountry "NET"]
[SourceTitle "CB51_2024"]
[SourceDate "2024.12.18"]
[SourceVersion "1"]
[SourceVersionDate "2024.12.18"]
[SourceQuality "1"]

1. d4 g6 2. e4 Bg7 3. c4 d6 4. Nc3 Nc6 5. Be3 e5 6. d5 Nce7 7. h4 f5 8. h5 f4 9. Bd2 Nf6 10. h6 Bf8 11. g3 g5 12. Be2 Ng6 13. Bh5 Bxh6 14. Bxg6+ hxg6 15. f3 Nh5 16. g4 Ng3 17. Rh3 Kf7 18. Nge2 Bg7 19. Rxh8 Qxh8 20. Nxg3 fxg3 21. Bxg5 Qh2 22. Ne2 Qh1+ 23. Kd2 Qxf3 24. Qf1 Qxf1 25. Rxf1+ Kg8 26. Nxg3 Bxg4 27. Ne2 Rf8 28. Rxf8+ Kxf8 29. Nc3 Ke8 30. Nb5 1-0

[Event "Bolivarian Games Blitz"]
[Site "Lima"]
[Date "2024.12.03"]
[Round "4.3"]
[White "Cori Tello, Deysi Estella"]
[Black "Rovira Contreras, Tairu Manuela"]
[Result "1-0"]
[WhiteElo "2353"]
[BlackElo "2036"]
[PlyCount "55"]
[EventDate "2024.12.03"]
[EventType "team (blitz)"]
[EventRounds "5"]
[EventCountry "PER"]
[SourceTitle "CB50_2024"]
[SourceDate "2024.11.01"]
[SourceVersion "1"]
[SourceVersionDate "2024.11.01"]
[SourceQuality "2"]
[WhiteTeam "Peru"]
[BlackTeam "Venezuela"]
[WhiteTeamCountry "PER"]
[BlackTeamCountry "VEN"]

1. Nf3 Nf6 2. b3 g6 3. Bb2 Bg7 4. g3 d5 5. Bg2 c5 6. 0-0 0-0 7. d4 cxd4 8. Nxd4 Nc6 9. Nxc6 bxc6 10. Nd2 Qb6 11. c4 Bb7 12. Qc2 Rac8 13. c5 Qc7 14. Nf3 Nd7 15. Bxg7 Kxg7 16. e4 e5 17. b4 d4 18. Rfb1 Rb8 19. a4 Rfe8 20. Nd2 Bc8 21. Nc4 Nf8 22. Nd6 Rd8 23. h4 Be6 24. Qd2 h6 25. Rb2 Nd7 26. Rc1 a5 27. b5 Nxc5 28. Nxf7 1-0

[Event "Bolivarian Games Rapid"]
[Site "Lima"]
[Date "2024.12.02"]
[Round "5.3"]
[White "Argote Heredia, Valentina"]
[Black "Cori Tello, Deysi Estella"]
[Result "1-0"]
[WhiteElo "2102"]
[BlackElo "2353"]
[PlyCount "53"]
[EventDate "2024.12.02"]
[EventType "team (rapid)"]
[EventRounds "5"]
[EventCountry "PER"]
[SourceTitle "CB50_2024"]
[SourceDate "2024.11.01"]
[SourceVersion "1"]
[SourceVersionDate "2024.11.01"]
[SourceQuality "2"]
[WhiteTeam "Colombia"]
[BlackTeam "Peru"]
[WhiteTeamCountry "COL"]
[BlackTeamCountry "PER"]

1. e4 e6 2. d4 d5 3. Nc3 Nf6 4. e5 Nfd7 5. Nce2 c5 6. c3 Nc6 7. f4 cxd4 8. cxd4 f6 9. Nf3 Bb4+ 10. Bd2 Qb6 11. a3 Bxd2+ 12. Qxd2 0-0 13. Rc1 Na5 14. Qc3 Nc4 15. Rc2 Qd8 16. Ng3 b5 17. b3 Nxa3 18. Rc1 Qe7 19. Bd3 Bb7 20. Qa5 Rfc8 21. 0-0 a6 22. Rc7 Rxc7 23. Qxc7 Rb8 24. exf6 gxf6 25. Re1 Kf8 26. Nf5 Rc8 27. Qa5 1-0

[Event "Bolivarian Games Rapid"]
[Site "Lima"]
[Date "2024.12.02"]
[Round "2.3"]
[White "Cori Tello, Deysi Estella"]
[Black "Jop A, Laura Elizabeth"]
[Result "1-0"]
[WhiteElo "2353"]
[BlackElo "1673"]
[PlyCount "67"]
[EventDate "2024.12.02"]
[EventType "team (rapid)"]
[EventRounds "5"]
[EventCountry "PER"]
[SourceTitle "CB50_2024"]
[SourceDate "2024.11.01"]
[SourceVersion "1"]
[SourceVersionDate "2024.11.01"]
[SourceQuality "2"]
[WhiteTeam "Peru"]
[BlackTeam "Guatemala"]
[WhiteTeamCountry "PER"]
[BlackTeamCountry "GUA"]

1. d4 d5 2. c4 c6 3. Nf3 Nf6 4. g3 g6 5. Bg2 Bg7 6. 0-0 0-0 7. Nc3 e6 8. b3 b6 9. Bb2 Bb7 10. Nd2 Nbd7 11. e4 dxe4 12. Ndxe4 Nxe4 13. Nxe4 Nf6 14. Qe2 Qc7 15. c5 a5 16. cxb6 Qxb6 17. Nc5 Rfd8 18. Rac1 Ba6 19. Nxa6 Rxa6 20. Rxc6 Qxc6 21. Bxc6 Rxc6 22. Rc1 Rcd6 23. Rc5 Ra8 24. Qe1 a4 25. bxa4 Rxa4 26. Rc8+ Bf8 27. Qe5 Kg7 28. Rxf8 Kxf8 29. Qxd6+ Kg8 30. Qd8+ Kg7 31. d5 e5 32. Bxe5 Ra6 33. d6 Ra7 34. Qxf6+ 1-0

[Event "American Continental (Women) 15th"]
[Site "Santo Domingo"]
[Date "2024.11.27"]
[Round "6"]
[White "Pachon Gutierrez, Adriana Paola"]
[Black "Cori Tello, Deysi Estella"]
[Result "0-1"]
[WhiteElo "2042"]
[BlackElo "2353"]
[PlyCount "99"]
[EventDate "2024.11.24"]
[EventType "swiss"]
[EventRounds "9"]
[EventCountry "DOM"]
[SourceTitle "CB49_2024"]
[SourceDate "2024.12.04"]
[SourceVersion "1"]
[SourceVersionDate "2024.12.04"]
[SourceQuality "1"]

1. e4 e6 2. d4 d5 3. Nc3 Nf6 4. e5 Nfd7 5. f4 c5 6. Nf3 Nc6 7. Be3 b6 8. Qd2 Be7 9. Bb5 Qc7 10. 0-0-0 Bb7 11. h4 0-0-0 12. Kb1 a6 13. Be2 c4 14. f5 b5 15. Ng5 Nb6 16. a3 b4 17. axb4 Bxb4 18. fxe6 Na4 19. Nxa4 Bxd2 20. Rxd2 Qa5 21. Nc3 fxe6 22. Bg4 Kb8 23. Nxe6 Bc8 24. Nxd8 Nxd8 25. Bxc8 Kxc8 26. Rf2 Kd7 27. Rhf1 h6 28. Rf8 Rxf8 29. Rxf8 Qb4 30. Rg8 Ne6 31. Ra8 Qb7 32. Rh8 Kc6 33. g4 Qf7 34. g5 h5 35. Nd1 Qf1 36. Kc1 Nf4 37. Rc8+ Kd7 38. Ra8 Ne2+ 39. Kd2 Ng3 40. Ra7+ Ke8 41. g6 Qg2+ 42. Nf2 Qf3 43. Ra8+ Ke7 44. Ra7+ Ke6 45. Rxa6+ Kf5 46. Rf6+ gxf6 47. g7 Nf1+ 48. Ke1 Qxe3+ 49. Kxf1 Qg3 50. Ke1 0-1

[Event "American Continental (Women) 15th"]
[Site "Santo Domingo"]
[Date "2024.11.26"]
[Round "5"]
[White "Cori Tello, Deysi Estella"]
[Black "Valencia Quinchia, Isabella"]
[Result "1-0"]
[WhiteElo "2353"]
[BlackElo "1848"]
[PlyCount "47"]
[EventDate "2024.11.24"]
[EventType "swiss"]
[EventRounds "9"]
[EventCountry "DOM"]
[SourceTitle "CB49_2024"]
[SourceDate "2024.12.04"]
[SourceVersion "1"]
[SourceVersionDate "2024.12.04"]
[SourceQuality "1"]

1. Nf3 Nf6 2. g3 g6 3. b3 Bg7 4. Bb2 0-0 5. Bg2 c5 6. c4 Nc6 7. 0-0 Rb8 8. d4 d5 9. dxc5 dxc4 10. Ne5 cxb3 11. Bxc6 Qxd1 12. Rxd1 bxc6 13. Nxc6 bxa2 14. Nxb8 axb1Q 15. Raxb1 Bf5 16. Bxf6 Bxb1 17. Nd7 Bc2 18. Rd2 Bh6 19. f4 exf6 20. Nxf8 Ba4 21. Nd7 Kg7 22. Nb8 g5 23. e3 Kg6 24. c6 1-0